| 000 | 00916nas a2200253Ia 4500 | ||
|---|---|---|---|
| 001 | R137/B5078 | ||
| 003 | IT-RoPAU | ||
| 008 | 151124c99999999xx |||||||||||| ||und|| | ||
| 040 | _aIT-RoPAU | ||
| 040 | _cIT-RoPAU | ||
| 041 | _aITALIANO | ||
| 100 |
_aSantucci Umberto _gCodice Aut. SPICS: 1611 |
||
| 210 | _aMULTIMEDIA | ||
| 222 | _aMultimedia | ||
| 245 |
_aMULTIMEDIA, ANNO 03-N.11/12 (1993) _bProfessionista Multimediale (Il) |
||
| 250 | _a1a ed. | ||
| 260 |
_aTORINO _bSONDA _c1993 |
||
| 501 |
_bPaulus - SPICS - Società San Paolo EM (non-commercial uses only) _cCopyright2015 |
||
| 300 | _a7 p. [23-29] | ||
| 362 | _aANNO 003, N.11/12 (1993) | ||
| 500 | _aNatura del Professionista Multimediale e Sua Situazione Giuridica. Individuo e Gruppo. Campo Multimediale. Equipe Multimediale. Criteri di Valutazione. Etica Professionale. | ||
| 650 |
_aCOMUNICAZIONE _vPUBBLICAZIONE PERIODICA |
||
| 942 | _cCR | ||
| 999 |
_c114555 _d114555 |
||